Catálogo

Régimen jurídico de comercio exterior / (Registro nro. 64035)

Detalles MARC
000 -LEADER
fixed length control field 00792nam a2200253 u 4500
001 - CONTROL NUMBER
control field 64035
005 - DATE AND TIME OF LATEST TRANSACTION
control field 20180714070722.0
008 - FIXED-LENGTH DATA ELEMENTS--GENERAL INFORMATION
fixed length control field 160314s2012 mx r 000 0 spa d
020 ## - INTERNATIONAL STANDARD BOOK NUMBER
International Standard Book Number 9786079011116
041 0# - LANGUAGE CODE
Language code of text/sound track or separate title spa
082 0# - DEWEY DECIMAL CLASSIFICATION NUMBER
Classification number 346.7207
Item number WIT
100 1# - MAIN ENTRY--PERSONAL NAME
Personal name Witker, Jorge
Relator term autor
245 10 - TITLE STATEMENT
Title Régimen jurídico de comercio exterior /
Statement of responsibility, etc. Jorge Witker; Joaquín Piña.
250 ## - EDITION STATEMENT
Edition statement Segunda edición
264 #1 - PRODUCTION, PUBLICATION, DISTRIBUTION, MANUFACTURE, AND COPYRIGHT NOTICE
Place of production, publication, distribution, manufacture México :
Name of producer, publisher, distributor, manufacturer Grupo Editorial HESS,
Date of production, publication, distribution, manufacture, or copyright notice 2011
300 ## - PHYSICAL DESCRIPTION
Extent 248 páginas ;
Dimensions 24 cm.
336 ## - CONTENT TYPE
Content type term texto
Source rdacontent
337 ## - MEDIA TYPE
Media type term sin mediación
Source rdamedia
338 ## - CARRIER TYPE
Carrier type term volumen
Source rdacarrier
490 0# - SERIES STATEMENT
Series statement Jurídica
650 #4 - SUBJECT ADDED ENTRY--TOPICAL TERM
Topical term or geographic name entry element Comercio exterior
Geographic subdivision México
General subdivision Aspectos jurídicos
650 #4 - SUBJECT ADDED ENTRY--TOPICAL TERM
Topical term or geographic name entry element Derecho mercantil
Geographic subdivision México
700 1# - ADDED ENTRY--PERSONAL NAME
Personal name Piña, Joaquin,
Relator term autor
Existencias
Withdrawn status Lost status Source of classification or shelving scheme Damaged status Not for loan Collection code Home library Current library Shelving location Date acquired Source of acquisition Total Checkouts Full call number Barcode Checked out Date last seen Date last checked out Price effective from Koha item type
    Dewey Decimal Classification     General Biblioteca Karol Wojtyla Biblioteca Karol Wojtyla Sala general 14/03/2016 Compra 1 346.7207 WIT 2012 94800 31/08/2018 17/08/2018 17/08/2018 14/03/2016 Libro